World Quiz - Statistics

General Stats
  • This quiz has been taken 29 times
  • The average score is 11 of 13
Answer Stats
Question Answer % Correct
Which flag is the flag of Canada?
100%
Which country started WW2? Germany
100%
What is the capitol of Indonesia? Jakarta
100%
Which country is Putin the president of? Russia
96%
What is the capitol of Mongolia? Ulaanbaatar
96%
What is the smallest country by square kilometers? Vatican
96%
What is the largest country by square kilometers? Russia
92%
What is the most populated country as of in 2024? India
83%
Which are the capitols of Andorra, Bosnia And Herzegovina, Liberia, and Italy? Monrovia, Sarajevo, Andorra la Vella, And Rome.
83%
What is the capitol of Uzbekistan? Tashkent
79%
Which is the flag of Marshall Islands?
75%
Flag mode: Which is the flag of Kyrgyzstan?
71%
Flag Mode: Which is the flag of Montana?
58%
No matching quizzes found
Score Distribution
Percent of People with Each Score
Percentile by Number Answered
Your Score History
You have not taken this quiz